Normal view
MARC view
Entry Personal Name
001 - CONTROL NUMBER
- control field: 15372
003 - CONTROL NUMBER IDENTIFIER
- control field: OSt
005 - DATE AND TIME OF LATEST TRANSACTION
- control field: 20211122105302.0
008 - FIXED-LENGTH DATA ELEMENTS
- fixed length control field: 211122|| aca||aabn | a|a d
040 ## - CATALOGING SOURCE
- Original cataloging agency: OSt
- Transcribing agency: OSt
100 ## - HEADING--PERSONAL NAME
- Personal name: Gatehouse, A. G.
670 ## - SOURCE DATA FOUND
- Source citation: Work cat.: (OSt)0: edited by V.A. Drake and A.G. Gatehouse. 15369, Insect migration :, 1995.
